Tenniste che hanno guadagnato di più nella storia - Statistics

Statistiche generali
  • Questo quiz è stato fatto 9 volte
  • Il punteggio medio è 5 su 11
Statistiche sulle risposte
Nazione Guadagni ($) Tennista % Corretto
Stati Uniti 94 816 730 Serena Williams
100%
Stati Uniti 42 595 397 Venus Williams
88%
Russia 38 777 962 Maria Sharapova
63%
Romania 40 203 437 Simona Halep
63%
Danimarca 35 548 193 Caroline Wozniacki
38%
Repubblica Ceca 37 252 032 Petra Kvitová
38%
Polonia 27 683 807 Agnieszka Radwańska
25%
Germania 31 886 468 Angelique Kerber
25%
Repubblica Ceca 25 356 224 Karolína Plíšková
25%
Russia 25 816 890 Svetlana Kuznecova
0%
Bielorussia 36 647 915 Viktoryja Azaranka
0%
Nessun quiz corrispondente trovato
Distribuzione punteggi
Percentuale di utenti per punteggio
Percentile per numero di risposta
I tuoi punteggi nel tempo
Non hai fatto questo quiz